header

Uniformity and diversity in language policy (Record no. 117873)

MARC details
000 -LEADER
fixed length control field 01654nam a2200385 a 4500
082 04 - DEWEY DECIMAL CLASSIFICATION NUMBER
Classification number 306.44/9
245 00 - TITLE STATEMENT
Title Uniformity and diversity in language policy
260 ## - PUBLICATION, DISTRIBUTION, ETC. (IMPRINT)
Place of publication Bristol ;
-- Buffalo :
Name of publisher Multilingual Matters,
Year of publication c2011.
300 ## - PHYSICAL DESCRIPTION
Number of Pages xx, 272 p. :
Other physical details ill., maps.
490 0# - SERIES STATEMENT
Series statement Multilingual matters
505 0# - FORMATTED CONTENTS NOTE
Formatted contents note pt. 1. Language policy at the official level -- pt. 2. Language policy in practice : indigenous and migrant languages in education -- pt. 3. Language policy in real and virtual worlds.
650 #0 - SUBJECT ADDED ENTRY--TOPICAL TERM
Topical Term Language policy.
Topical Term Language and languages
700 1# - ADDED ENTRY--PERSONAL NAME
Personal name Norrby, Catrin.
Personal name Hajek, John.
856 40 - ELECTRONIC LOCATION AND ACCESS
Uniform Resource Identifier http://site.ebrary.com/lib/rucke/Doc?id=10513506

No items available.

© 2026 Rongo University
Contact us: librarian | system librarian | Rongo university